| 000 | 00397cam a2200157ua 4500 | ||
|---|---|---|---|
| 003 | OSt | ||
| 008 | 250617b |||||||| |||| 00| 0 eng d | ||
| 041 | _aeng | ||
| 082 |
_a624.1834 _bKRI/AD |
||
| 100 |
_aKrishnaraju, N . _97581 |
||
| 245 | _aAdvanced reinforced concrete design / | ||
| 250 | _a1 / | ||
| 260 |
_a : _bC B S Publishers & Distributers , _c1988. |
||
| 300 | _a359 ; . | ||
| 942 | _cBK | ||
| 999 |
_c1969 _d1969 |
||